Band with Numbers in their name - Statistics

General Stats
  • This quiz has been taken 27 times
  • The average score is 5 of 15
Answer Stats
Hint Answer % Correct
Love shack B52s
82%
Red red wine UB40
73%
I Will follow U2
59%
I’m not in love 10cc
50%
I’ll be there Jackson 5
50%
What’s up. 4 Non Blondes
41%
Reach out I’ll be there Four Tops
41%
Lessons in love Level 42
18%
Head like a hole Nine Inch nails
14%
When Will I see you again Three Degrees
14%
Pretend we’re dead L7
9%
Black soul choir 16 Horsepower
5%
No limit 2 Unlimited
5%
Like The weather 10,000 Maniacs
0%
Eleven plus eleven Nine Below Zero
0%
No matching quizzes found
Score Distribution
Percent of People with Each Score
Percentile by Number Answered
Your Score History
You have not taken this quiz